000 00694nam a2200217 i 4500
001 123957
003 ES-MaACL
005 20250907063106.0
007 t|
008 070214s1933 sp r ||||1| spa d
100 1 _aVilla-Urrutia, Wenceslao Ramírez de Villa-Urrutia,
_cMarqués de,
_d1850-1933
_9114894
245 1 0 _aCristina de Suecia /
_cMarqués de Villa-Urrutia.
250 _a1ª ed.
260 _aMadrid [etc.] :
_bEspasa-Calpe,
_c1933.
300 _a269 p. ;
_c22 cm.
490 1 _aVidas extraordinarias ;
_v8
600 1 4 _aCristina
_cReina de Suecia.
_9126641
830 0 0 _aVidas extraordinarias
_v8
_9181377
852 _aES-MaACL
_jC-5510
999 _c123957
_d123957